000 00373nam a2200145Ia 4500
005 20251222142029.0
008 251222s9999||||xx |||||||||||||| ||spa||
020 _a9786124694004
082 _a346.049.85/B34
100 _aBecerra Palomino, Carlos Enrique
245 0 _aEl Honor de dar Fe:
250 _a1ra.ed.
264 _bEditorial JurĂ­dica del PerĂș
942 _cLIB
999 _c10894
_d10894